00413nam a2200109Ia 4500008004100000100002000041245009100061260004400152300001800196650002000214856006900234160712s9999 xx 000 0 und d aIlagan, Gail T. cGail T. IlaganaNarratives of Community Resilience from Two Villages in North Cotabato c2012bPhilippine Social Sciences Review avol. 64 no. 2 xSOCIAL SCIENCES uhttp://journals.upd.edu.ph/index.php/pssr/issue/view/412/showToc